Plants vs zombies 2 (plants starting with letter P) - Statistics

General Stats
  • This quiz has been taken 78 times
  • The average score is 6 of 13
Answer Stats
Answer % Correct
peashooter
96%
potato mine
54%
puff-shroom
48%
primal peashooter
45%
primal potato mine
42%
primal sunflower
42%
primal wall-nut
42%
pea pod
40%
perfume-shroom
37%
pea-nut
33%
pepper-pult
31%
phat beet
27%
power lily
24%
No matching quizzes found
Score Distribution
Percent of People with Each Score
Percentile by Number Answered
Your Score History
You have not taken this quiz